| Tag |
First Indicator |
Second Indicator |
Subfields |
| LEADER |
00000nai a2200000 i 4500 |
| 001 |
in00004782813 |
| 006 |
m o d f |
| 007 |
cr ||||||||||| |
| 008 |
240111c20239999dcu x w o f0 2eng c |
| 005 |
20240315153433.9 |
| 010 |
|
|
|a 2024234202
|
| 035 |
|
|
|a (OCoLC)on1417084540
|
| 040 |
|
|
|a GPO
|b eng
|e rda
|e pn
|c GPO
|d MvI
|
| 042 |
|
|
|a pcc
|
| 043 |
|
|
|a n-us---
|
| 049 |
|
|
|a WWW
|
| 074 |
|
|
|a 0807-A-09 (online)
|
| 086 |
0 |
|
|a LC 14.24:IF 12554/
|
| 100 |
1 |
|
|a Labonte, Marc,
|0 https://id.loc.gov/authorities/names/n2002109322
|e author.
|
| 245 |
1 |
0 |
|a Low unemployment in 2023 :
|b can it last? /
|c Marc Labonte, Lida R. Weinstock.
|
| 250 |
|
|
|a [Library of Congress public edition].
|
| 264 |
|
1 |
|a [Washington, D.C.] :
|b Congressional Research Service,
|c 2023-
|
| 300 |
|
|
|a 1 online resource.
|
| 310 |
|
|
|a Updated irregularly
|
| 336 |
|
|
|a text
|b txt
|2 rdacontent
|
| 337 |
|
|
|a computer
|2 rdamedia
|
| 338 |
|
|
|a online resource
|b cr
|2 rdacarrier
|
| 490 |
1 |
|
|a IF ;
|v 12554
|
| 500 |
|
|
|a The CRS web page provides access to all versions published since 2018 in accordance with P.L. 115-141.
|
| 500 |
|
|
|a In scope of the U.S. Government Publishing Office Cataloging and Indexing Program (C&I) and Federal Depository Library Program (FDLP).
|
| 500 |
|
|
|a Report includes illustrations.
|
| 500 |
|
|
|a GPO Cataloging Record Distribution Program (CRDP).
|
| 588 |
0 |
|
|a Contents viewed on January 11, 2024; title from CRS web page.
|
| 650 |
|
0 |
|a Unemployment
|z United States.
|
| 650 |
|
0 |
|a Unemployment
|x Effect of inflation on
|z United States.
|
| 650 |
|
0 |
|a Employment forecasting
|z United States.
|
| 700 |
1 |
|
|a Weinstock, Lida R.,
|0 https://id.loc.gov/authorities/names/no2020121956
|e author.
|
| 710 |
2 |
|
|a Library of Congress.
|b Congressional Research Service,
|0 https://id.loc.gov/authorities/names/n79061321
|e issuing body.
|
| 773 |
0 |
8 |
|i Contained in (work):
|t CRS reports (Library of Congress. Congressional Research Service)
|w (DLC) 2018231131
|w (OCoLC)1052784408
|
| 830 |
|
0 |
|a In focus (Library of Congress. Congressional Research Service) ;
|0 https://id.loc.gov/authorities/names/no2019061270
|v IF12554.
|
| 856 |
4 |
0 |
|u https://purl.fdlp.gov/GPO/gpo221426
|t 0
|
| 999 |
f |
f |
|s d24b48e4-2672-48e1-b753-d0064349fd12
|i 7a5a9210-026d-4a05-880c-236bfceff084
|t 0
|
| 952 |
f |
f |
|a Texas A&M University
|b College Station
|c Electronic Resources
|d Available Online
|t 0
|e LC 14.24:IF 12554/
|h Superintendent of Documents classification
|
| 998 |
f |
f |
|a LC 14.24:IF 12554/
|t 0
|l Available Online
|